[Event "Kolkata op2"]
[Site "Kolkata"]
[Date "1994.??.??"]
[Round "?"]
[White "Al Modiahki, Mohamad"]
[Black "Bhattacharyya, P."]
[Result "1/2-1/2"]
[WhiteElo "2380"]
[BlackElo "2190"]
[PlyCount "59"]
[EventDate "1994.??.??"]
[EventType "swiss"]
[EventRounds "11"]
[EventCountry "IND"]
[SourceTitle "EXT 1997"]
[Source "ChessBase"]
[SourceDate "1996.11.15"]
[SourceVersion "1"]
[SourceVersionDate "1996.11.15"]
[SourceQuality "1"]

1. e4 c5 2. Nf3 Nc6 3. Nc3 g6 4. d4 cxd4 5. Nxd4 Bg7 6. Be3 Nf6 7. Bc4 d6 8. f3 0-0 9. Qd2 Bd7 10. Bb3 Qa5 11. 0-0-0 Rfc8 12. h4 Ne5 13. Kb1 Nc4 14. Bxc4 Rxc4 15. Nb3 Qc7 16. Bd4 Be6 17. h5 a6 18. hxg6 hxg6 19. g4 Rc8 20. Rh2 b5 21. Rdh1 b4 22. Bxf6 exf6 23. Nd5 Bxd5 24. exd5 f5 25. Rh7 fxg4 26. Rxg7+ Kxg7 27. Qh6+ Kf6 28. Rf1 Ke7 29. Qh4+ Ke8 30. Qh8+ 1/2-1/2

[Event "Goodricke op 05th"]
[Site "Kolkata"]
[Date "1994.??.??"]
[Round "5"]
[White "Bhattacharyya, P."]
[Black "Mishra, Neeraj Kumar"]
[Result "0-1"]
[WhiteElo "2190"]
[BlackElo "2375"]
[PlyCount "52"]
[EventDate "1994.02.??"]
[EventType "swiss"]
[EventRounds "11"]
[EventCountry "IND"]
[SourceTitle "CBM 039 Extra"]
[Source "ChessBase"]
[SourceDate "1994.05.01"]
[SourceVersion "1"]
[SourceVersionDate "1994.05.01"]
[SourceQuality "1"]

1. e4 c5 2. Nf3 e6 3. d4 cxd4 4. Nxd4 Nc6 5. Nc3 a6 6. Be3 Qc7 7. Qd2 b5 8. Bf4 e5 9. Nd5 Qb8 10. Nxc6 dxc6 11. 0-0-0 cxd5 12. Qxd5 f6 13. Be3 Qb7 14. Qd8+ Kf7 15. f3 Be6 16. Qa5 Ne7 17. Bd3 Nc6 18. Qe1 Be7 19. Qh4 Nb4 20. a3 Nxd3+ 21. Rxd3 b4 22. a4 Qc6 23. b3 Rhd8 24. Rhd1 Rac8 25. Qf2 Rxd3 26. Rxd3 Bc5 0-1

[Event "Kolkata op2"]
[Site "Kolkata"]
[Date "1994.??.??"]
[Round "?"]
[White "Mithrakanth, Poorna Sharma"]
[Black "Bhattacharyya, P."]
[Result "1/2-1/2"]
[WhiteElo "2370"]
[BlackElo "2190"]
[PlyCount "66"]
[EventDate "1994.??.??"]
[EventType "swiss"]
[EventRounds "11"]
[EventCountry "IND"]
[SourceTitle "EXT 1997"]
[Source "ChessBase"]
[SourceDate "1996.11.15"]
[SourceVersion "1"]
[SourceVersionDate "1996.11.15"]
[SourceQuality "1"]

1. e4 c5 2. Nf3 Nc6 3. Bb5 e6 4. 0-0 Nge7 5. Re1 a6 6. Bf1 Ng6 7. d4 cxd4 8. Nxd4 Bc5 9. Nb3 Ba7 10. c4 0-0 11. Nc3 Qc7 12. Be3 Bxe3 13. Rxe3 b6 14. Rc1 Bb7 15. g3 Nce7 16. f4 f5 17. Bg2 Rad8 18. Rd3 fxe4 19. Bxe4 Bxe4 20. Nxe4 e5 21. fxe5 Nxe5 22. Rdc3 Qc6 23. Qe2 Qg6 24. Ned2 d6 25. Nd4 Nf5 26. Nxf5 Qxf5 27. Rf1 Qc8 28. Rxf8+ Rxf8 29. Ne4 Qc6 30. b3 h6 31. Re3 b5 32. Qd1 bxc4 33. Qxd6 cxb3 1/2-1/2